|
|
|
|
| LEADER |
00000nab a2200000 a 4500 |
| 001 |
vtls000735045 |
| 003 |
SK-MaSNL |
| 005 |
20260304044403.0 |
| 008 |
180207c2000 xo 0 slo |
| 015 |
|
|
|a SNBRB2000/10-28380
|
| 035 |
|
|
|a CLN000086913
|
| 040 |
|
|
|a SNKBUCL
|b slo
|c SNKBUCL
|e AACR2
|
| 041 |
0 |
|
|a slo
|
| 044 |
|
|
|a xo
|c SK
|
| 080 |
|
|
|a 352.9(437.6):338.46:336
|2 UDC-MRF-SK2
|
| 080 |
|
|
|a 336
|2 UDC-MRF-SK2
|
| 245 |
0 |
0 |
|a Financovanie komunálnej a ekologickej infraštruktúry
|
| 650 |
0 |
7 |
|a financovanie
|2 SNKPH
|9 16004
|
| 650 |
0 |
7 |
|a infraštruktúra
|2 SNKPH
|9 28765
|
| 651 |
|
7 |
|a Slovensko
|2 SNKPHgeo
|
| 655 |
|
7 |
|a články z novín a časopisov
|2 SNK
|9 267496
|
| 773 |
0 |
|
|t Obecné noviny
|g Roč. 10, č. 43 (2000), s. 8
|
| 850 |
|
|
|a Slovenská národná knižnica v Martine
|
| 852 |
|
|
|a SNK
|b KIS3GCP
|
| 958 |
|
|
|a RBX
|
| 999 |
|
|
|c 2685708
|d 2687638
|